000 00596nam a2200217Ia 4500
008 101110s9999 xx 000 0 und d
041 _aENGLISH
082 _bSR27303
100 _aKumar V.M., Sharma C.N., Sarangdhar S.S. and others
245 _aA new course in botony (FYBSc)
260 _c2005
_bSheth Publication, Mumbai
300 _a405
365 _b175
520 _aBiology/Zoology
546 _aENGLISH
630 _aA new course in botony (FYBSc)
650 _aBiology/Zoology
655 _aBiology/Zoology
730 _aA new course in botony (FYBSc)
942 _cBOOK
999 _c819859
_d819856